Conducción en bondad / (Registro nro. 14281)

Detalles MARC
000 -CABECERA
campo de control de longitud fija 02316nam a2200325 a 4500
001 - NÚMERO DE CONTROL
campo de control 000006363
003 - IDENTIFICADOR DEL NÚMERO DE CONTROL
campo de control DO-SdBPM
005 - FECHA Y HORA DE LA ÚLTIMA TRANSACCIÓN
campo de control 20250821143734.0
007 - CAMPO FIJO DE DESCRIPCIÓN FÍSICA--INFORMACIÓN GENERAL
campo de control de longitud fija ta
008 - DATOS DE LONGITUD FIJA--INFORMACIÓN GENERAL
campo de control de longitud fija 090828s2002 dr a 000 0 spa d
020 ## - NÚMERO INTERNACIONAL ESTÁNDAR DEL LIBRO
Número Internacional Estándar del Libro 9993461229
040 ## - FUENTE DE LA CATALOGACIÓN
Centro catalogador/agencia de origen DO-SdBPM
Lengua de catalogación spa
Centro/agencia transcriptor BPMSU
Normas de descripción rda
049 ## - FONDOS LOCALES (OCLC)
Fondos de biblioteca
082 #4 - NÚMERO DE LA CLASIFICACIÓN DECIMAL DEWEY
Número de clasificación 388.3
Número de documento/Ítem S715c 2002
Número de edición 22
100 1# - ENTRADA PRINCIPAL--NOMBRE DE PERSONA
Nombre de persona Sosa, José Rafael
Término indicativo de función/relación autor
245 10 - MENCIÓN DE TÍTULO
Título Conducción en bondad /
Mención de responsabilidad, etc. José Rafael Sosa ; corrección Delcy Rodríguez.
260 ## - PUBLICACIÓN, DISTRIBUCIÓN, ETC.
Fecha de publicación, distribución, etc.
264 ## - PRODUCCIÓN, PUBLICACIÓN, DISTRIBUCIÓN, FABRICACIÓN Y COPYRIGHT
Producción, publicación, distribución, fabricación y copyright Santo Domingo :
Nombre del de productor, editor, distribuidor, fabricante Editora Búho,
Fecha de producción, publicación, distribución, fabricación o copyright 2002
300 ## - DESCRIPCIÓN FÍSICA
Extensión 141 páginas :
Otras características físicas ilustraciones ;
Dimensiones 22 cm.
336 ## - TIPO DE CONTENIDO
Término de tipo de contenido texto
Código de tipo de contenido txt
Fuente rdacontent
337 ## - TIPO DE MEDIO
Nombre/término del tipo de medio sin mediación
Código del tipo de medio n
Fuente rdamedia
338 ## - TIPO DE SOPORTE
Nombre/término del tipo de soporte volumen
Código del tipo de soporte nc
Fuente rdacarrier
504 ## - NOTA DE BIBLIOGRAFÍA, ETC.
Nota de bibliografía, etc. Incluye bibliografías (p. 140-141)
505 0# - NOTA DE CONTENIDO CON FORMATO
Nota de contenido con formato Presentaciones : Socorro Castellanos.-- Dirección General de Tránsito Terrestre.-- INSPRAT.-- Cámara Junior.-- Oración del conductor en bondad, 2.-- El placer de conducir, 5.-- Gracias a Dios, he chocado, 13.-- La cultura del atajo, 23.-- ¿Cómo es el transito en el país?, 27.-- Más vehículos, más accidentes, más muertos... ¿dónde vamos a llegar?, 37.-- Las voladoras.-- Los carros del concho.-- Los taxis.-- Los autobuses.-- Los motoconchos.-- AMET : una policía original, 47.-- AMET : ¿arbitrariedad o cumplimiento de la ley?.-- La seguridad siempre debe ser segura, 53.-- La casa del conductor, 85.-- La conducción en bondad, 89.-- La ideología del automóvil.-- Síndrome de locura del tránsito (SLT).-- El tapón, una prueba de crecimiento.-- El pináculo de la neurosis : el momento del choque.-- Actitudes para humanizar el tránsito.-- Lo que no hace un conductor en bondad, 99.-- 10 reglas que pueden servir, 109.-- Decálogos del buen manejar : De la conducción en bondad.-- De la Cámara Junior, INC.-- La imagen del tránsito, 117.-- Hacer siempre el bien, 127.-- ¿Qué hacer ante un accidente y qué ocurre en su carro cuando choca?, 132.-- Bendito el cinturón de seguridad.-- ¿Quisiera abrochárselo ahora?.-- Las maniobras más peligrosas al manejar.-- Normas ante la ocurrencia de un accidente.-- Bibliografía 140.
590 ## - NOTA LOCAL (RLIN)
Nota local Inventariado 2025/VM
650 #7 - PUNTO DE ACCESO ADICIONAL DE MATERIA--TÉRMINO DE MATERIA
Término de materia o nombre geográfico como elemento de entrada Tránsito de vehículos
650 #7 - PUNTO DE ACCESO ADICIONAL DE MATERIA--TÉRMINO DE MATERIA
Término de materia o nombre geográfico como elemento de entrada Seguridad vial
910 ## - DATOS DE OPCIÓN DEL USUARIO (OCLC)
Datos de opción del usuario VMateo V. Control de calidad. BPMSU
942 ## - ELEMENTOS DE PUNTO DE ACCESO ADICIONAL (KOHA)
Fuente del sistema de clasificación o colocación Dewey Decimal Classification
Tipo de ítem Koha Libros
Existencias
Estado de retiro Estado de pérdida Fuente del sistema de clasificación o colocación No para préstamo Código de colección Localización permanente Ubicación/localización actual Fecha de adquisición Total de préstamos Signatura topográfica completa Código de barras Fecha visto por última vez Precio válido a partir de Tipo de ítem Koha
    Dewey Decimal Classification   Colección Dominicana Biblioteca Pública Metropolitana Salomé Ureña Biblioteca Pública Metropolitana Salomé Ureña 09/26/2022   BPMSU CD 388.3 S715c 2002 BPMSU25080066 09/26/2022 09/26/2022 Libros